000 00688nam a22001937a 4500
999 _c170932
_d170932
005 20191230170249.0
010 _aB-97784
020 _c70.00
_a-
035 _aB-97784
037 _bBPPD
082 _a842
100 _aحبيب تنو ير
245 _aد يکھ ر ہے ہيں نين
_cحبيب تنو ير
246 _aDekh Rahe Hai Nain (Urdu)
_bby Habeeb Tanveer
260 _aDelhi
_c2005 ء
_bEducational Publishing House
270 _a3108,Vakil Street,Kucha pandit,Lal Kuan
_bDelhi
_k23216162
_e110006
300 _a94ص
_c22 cm(hb)
942 _2ddc
_cUR
_h842
_mح ب ی